Actors Who Play Multiple Characters (TV) Quiz Stats

 Plays Quiz Updated Apr 5, 2016

Challenge
Share
Tweet
Score 0/20 Timer 07:00
1 Play Today
% Correct
Friends
98.7%
The Addams Family
90.5%
The Golden Girls
88.5%
Cheers
86.6%
How I Met Your Mother
81%
The Nanny
80.8%
Gilligan's Island
79.1%
Murder, She Wrote
78.6%
Bewitched
78.3%
Happy Days
77.4%
% Correct
Family Matters
77.2%
I Dream of Jeannie
76.9%
All in the Family
67.4%
Arrested Development
67.1%
Quantum Leap
56%
Doctor Who
55.8%
Dynasty
52.9%
iCarly/Sam & Cat
43.5%
Blackadder the Third
40.7%
Twin Peaks
34.2%

You're not logged in!

Compare scores with friends on all Sporcle quizzes.
Join for Free
OR
Log In

You Might Also Like...

Show Comments

Extras

Top Quizzes Today


Score Distribution

Your Account Isn't Verified!

In order to create a playlist on Sporcle, you need to verify the email address you used during registration. Go to your Sporcle Settings to finish the process.

Report this User

Report this user for behavior that violates our Community Guidelines.

Details: